000 00417nam a2200181Ia 4500
003 0100
008 130303s9999 xx 000 0 und d
040 _cARRUPELIB
050 _aBT380.B661959
100 _aBonhoeffer, Dietrich
245 4 _aThe Cost of Discipleship
250 _arevised Unabridged edition
260 _aNY
260 _bMacmillan Company
260 _C1959
300 _a352p
942 0 0 _01
999 _c47531
_d47531